000 00249nam a2200109Ia 4500
008 240625s9999 xx 000 0 und d
041 _aeng
082 _a658.3 DEC
100 _aDECENZO DAVID A
245 _aHUMAN RESOURCE MANAGEMENT
260 _c2012
999 _c38264
_d38264